Human Muscles - Statistics

General Stats
  • This quiz has been taken 8 times
  • The average score is 21 of 68
Answer Stats
Region Answer % Correct
biceps brachii
50%
Posterior/Lateral Leg: gastrocnemius
50%
Posterior Hip: gluteus maximus
50%
Chest/Shoudler: pectoralis major
50%
pectoralis minor
50%
tibialis anterior
50%
Posterior Deep Arm: abductor pollicis
33%
adductor longus
33%
adductor magnus
33%
Posterior Thigh: biceps femoris
33%
Anterior Arm: brachialis
33%
deltoid
33%
Posterior Superficial Arm: extensor carpi radialis
33%
Anterior/Medial Leg: extensor digitorum
33%
extensor digitorum
33%
external intercostals
33%
fibularis
33%
flexor carpi radialis
33%
flexor carpi ulnaris
33%
flexor digitorum
33%
gluteus medius
33%
gluteus minimus
33%
Medial Thigh: gracilis
33%
Anterior Hip: iliopsoas
33%
infraspinatus
33%
Thorax: internal intercostals
33%
latissimus dorsi
33%
levator labii
33%
masseter
33%
orbicularis oculi
33%
orbicularis oris
33%
palmaris longus
33%
pectineus
33%
pronator teres
33%
rectus femoris
33%
risorius
33%
Anterior Thigh: sartorius
33%
semimembranosus
33%
serratus anterior
33%
soleus
33%
Neck: sternocleidomastoid
33%
supinator
33%
Posterior Scapula: supraspinatus
33%
Head: temporalis
33%
tensor fascia
33%
teres major
33%
teres minor
33%
Superficial Back: trapezius
33%
vastus lateralis
33%
vastus medialis
33%
Anterior Superficial Arm: brachioradialis
17%
coracohumeralis
17%
depressor labii
17%
epicranius frontalis
17%
epicranius occipitalis
17%
extensor carpi ulnaris
17%
external oblique
17%
flexor digitorum profundus
17%
Anterior Intermediate/Deep Forearm: flexor digitorum superficialis
17%
flexor pollicus
17%
hyloglossus
17%
internal oblique
17%
lateral head of the triceps
17%
Posterior Arm: long head of the triceps
17%
Abdominal: rectus abdominis
17%
semitendinosus
17%
styloglossus
17%
transverse abdominis
17%
No matching quizzes found
Score Distribution
Percent of People with Each Score
Percentile by Number Answered
Your Score History
You have not taken this quiz